Wimbledon 2019 men's singles seeds - Statistics

General Stats
  • This quiz has been taken 87 times
  • The average score is 21 of 32
Answer Stats
Seed Country Player % Correct
3 Spain Rafael Nadal
100%
2 Switzerland Roger Federer
100%
1 Serbia Novak Djokovic
99%
6 Germany Alexander Zverev
93%
5 Austria Dominic Thiem
88%
8 Japan Kei Nishikori
88%
22 Switzerland Stan Wawrinka
88%
4 South Africa Kevin Anderson
86%
7 Greece Stefanos Tsitsipas
86%
15 Canada Milos Raonic
81%
9 USA John Isner
79%
11 Russia Daniil Medvedev
76%
13 Croatia Marin Cilic
76%
29 Canada Denis Shapovalov
72%
10 Russia Karen Khachanov
72%
21 Belgium David Goffin
68%
16 France Gael Monfils
68%
12 Italy Fabio Fognini
67%
17 Italy Matteo Berrettini
67%
24 Argentina Diego Schwartzman
65%
23 Spain Roberto Bautista Agut
65%
19 Canada Felix Auger-Aliassime
63%
25 Australia Alex de Minaur
58%
20 France Gilles Simon
46%
18 Georgia Nikoloz Basilashvili
46%
30 UK Kyle Edmund
43%
32 Serbia Dusan Lajovic
39%
33 Germany Jan-Lennard Struff
39%
31 Serbia Laslo Djere
39%
28 France Benoit Paire
31%
26 Argentina Guido Pella
29%
27 France Lucas Pouille
25%
No matching quizzes found
Score Distribution
Percent of People with Each Score
Percentile by Number Answered
Your Score History
You have not taken this quiz